000 00759cam a2200241 a 4500
001 000018209
005 20200929165413.0
008 851206s1985 nyu 001 p spa d
035 _a(DLC) 85596360
040 _aDO-SdBNP
_cDLC
_dDLC
082 _aCh861.44
_bB275p
100 1 _aBarrientos, Raúl.
_d1942-
_923498
245 1 0 _aPie del efimero /
_cRaúl Barrientos.
260 _aNew York :
_bJ. Giordano,
_c1985.
300 _a102 p. ;
_c21 cm.
490 1 _aLibros del maitén
_v7
590 _aLa biblioteca posee un ejemplar autobiografiados por el autor.
650 4 _aNovela chilena
_93163
650 4 _aLiteratura chilena
_ySIGLO XX
_914677
830 0 _aLibros del maitén ;
_v7
_939429
910 _aCatalogación por copia / LC
049 _aBNGR
999 _c17730
_d17730